LEADER 00916nam0-22003251i-450- 001 990003495960403321 005 20160412131756.0 010 $a0-262-57073-4 035 $a000349596 035 $aFED01000349596 035 $a(Aleph)000349596FED01 035 $a000349596 100 $a20030910d1988----km-y0itay50------ba 101 0 $aeng 105 $ay-------001yy 200 1 $a<>evolution of Central Banks$fCharles Goodhart 210 $aCambridge$cMIT Press$d1988 215 $aVI,205 p.$d20 cm 610 0 $aBanche centrali 700 1$aGoodhart,$bCharles Albert Eric$f<1936- >$0116084 801 0$aIT$bUNINA$gRICA$2UNIMARC 901 $aBK 912 $a990003495960403321 952 $aVI A 799$b7735$fFSPBC 952 $aVI A 1643$b970/2016$fFSPBC 952 $aSE101.06.24-$b3052$fDECSE 959 $aDECSE 959 $aFSPBC 996 $aEvolution of central banks$917736 997 $aUNINA LEADER 02482nas 2200805- 450 001 996231336103316 005 20231101151524.0 011 $a2191-026X 035 $a(OCoLC)754553530 035 $a(CKB)958480260753 035 $a(CONSER)--2014211510 035 $a(DE-599)ZDB2598392-1 035 $a(EXLCZ)99958480260753 100 $a20110925a19919999 --- a 101 0 $aeng 135 $aurun||||a|a|| 181 $ctxt$2rdacontent 182 $cc$2rdamedia 183 $acr$2rdacarrier 200 00$aJournal of intelligent systems 210 1$aBerlin, Germany :$cDe Gruyter 215 $a1 online resource 300 $aRefereed/Peer-reviewed 311 $a0334-1860 517 3 $aIntelligent systems 531 $aJ INTELL SYST 531 1 $aJ. intell. syst. 606 $aArtificial intelligence$vPeriodicals 606 $aIntellect$vPeriodicals 606 $aSystem theory$vPeriodicals 606 $aIntelligence artificielle$xPériodiques 606 $aIntelligence$xPériodiques 606 $aThéorie des systèmes$xPériodiques 606 $aArtificial intelligence$2fast$3(OCoLC)fst00817247 606 $aIntellect$2fast$3(OCoLC)fst00975732 606 $aSystem theory$2fast$3(OCoLC)fst01141423 606 $aBerechenbarkeit$2gnd 606 $aKognitionswissenschaft$2gnd 606 $aKünstliche Intelligenz$2gnd 606 $aSoft Computing$2swd 606 $aUnterstützungssystem$gInformatik$2gnd 606 $aArtificial Intelligence 606 $aExpert Systems 606 $aSystems Theory 608 $aPeriodical. 608 $aZeitschrift. 608 $aPeriodicals.$2fast 608 $aZeitschrift.$2swd 608 $aPeriodicals.$2lcgft 615 0$aArtificial intelligence 615 0$aIntellect 615 0$aSystem theory 615 6$aIntelligence artificielle$xPériodiques. 615 6$aIntelligence$xPériodiques. 615 6$aThéorie des systèmes$xPériodiques. 615 7$aArtificial intelligence. 615 7$aIntellect. 615 7$aSystem theory. 615 7$aBerechenbarkeit 615 7$aKognitionswissenschaft 615 7$aKünstliche Intelligenz 615 07$aSoft Computing. 615 7$aUnterstützungssystem 615 2$aArtificial Intelligence. 615 2$aExpert Systems. 615 2$aSystems Theory. 906 $aJOURNAL 912 $a996231336103316 996 $aJournal of intelligent systems$92037086 997 $aUNISA